=LDR 00000nam 2200000 4500 =001 INLIS000000000009184 =005 20130612101013 =008 ***********************************Ind** =035 ##$$0010-061300000009184 =041 ##$$a Ind =082 ##$$a 005.369 =090 ##$$a 005.369, Tol-p =100 ##$$a Toli, M. Agustinus =245 ##$$a Panduan profesional MS-DOS 6.2, M. Agustinus Toli =260 ##$$a 1995 $b Jakarta =300 ##$$a xiii, 223 hlm, Ilus, 20 cm =650 ##$$a Program komputer-MS DOS 6 =650 ##$$a 2 =850 ##$$a NBPNMAT